Folyóirat-kultúra -?!/../-Ű- -
Elmentve itt :
| Szerző: | |
|---|---|
| Adatforrás: | Meister |
| Forrásdokumentuma: | Helikon. - 3 sz., 1993, 1-2 p. |
| Nyelv: | magyar |
| Kulcsszavak: | médiaszociológia irodalmi publicisztika sajtó sajtónyelv folyóirat-kultúra sajtószabadság mass-media |
| LEADER | 00512nab a2200193 i 4500 | ||
|---|---|---|---|
| 001 | bibPRO00006987 | ||
| 008 | 060524s1993 xx hun | ||
| 040 | |a Sz1 | ||
| 041 | |a hun | ||
| 100 | 1 | |a SZŐCS István | |
| 245 | 1 | 0 | |a Folyóirat-kultúra -?!/../-Ű- - |c SZŐCS István |
| 695 | |a médiaszociológia | ||
| 695 | |a irodalmi publicisztika | ||
| 695 | |a sajtó | ||
| 695 | |a sajtónyelv | ||
| 695 | |a folyóirat-kultúra | ||
| 695 | |a sajtószabadság | ||
| 695 | |a mass-media | ||
| 773 | 0 | |t Helikon. - |g 3 sz., 1993, 1-2 p. | |